Loading...
Ethnic futures: The state and identity politics in Asia
| Main Author: | |
|---|---|
| Format: | Printed Book |
| Published: |
New Delhi
Sage
1999
|
| Subjects: |
| LEADER | 00428nam a22001217a 4500 | ||
|---|---|---|---|
| 082 | |a 323.154 |b PFA.E | ||
| 100 | |a Pfaff - Czarnecka, Joanna | ||
| 245 | |a Ethnic futures: The state and identity politics in Asia | ||
| 260 | |a New Delhi |b Sage |c 1999 | ||
| 650 | |a Civil Rights | ||
| 942 | |c BK | ||
| 999 | |c 10613 |d 10613 | ||
| 952 | |0 0 |1 0 |4 0 |6 323_154000000000000_PFA_E |7 0 |9 12676 |a CAMPUS |b CAMPUS |d 2017-07-07 |l 0 |o 323.154 PFA.E |p 08623 |r 2017-07-07 |w 2017-07-07 |y BK | ||